Ładuje się......

Ethu margham

Opis bibliograficzny
1. autor: Bhaskaran nair. K.
Format: Printed Book
Język:Malayalam
Wydane: Mathrubhumi Mathrubhumi 1954
LEADER 00412nam a2200121Ia 4500
008 111205s9999 xx 000 0 mal d
100 |a Bhaskaran nair. K. 
245 |a Ethu margham  |c Bhaskaran nair. K. 
260 |b Mathrubhumi  |a Mathrubhumi  |c 1954 
300 |a 184 
942 |c BK 
999 |c 215509  |d 215509 
952 |0 0  |1 0  |2 ddc  |4 0  |6 S_8R2  |7 0  |9 238263  |a MAL  |b MAL  |c SEC  |d 2011-12-05  |g 1.00  |l 0  |o S8R2  |p MAL1475  |r 2015-04-13  |v 1.00  |w 2015-04-13  |y BK